| 000 | 00840nam a2200241 a 4500 | ||
|---|---|---|---|
| 001 | BRCA_516 | ||
| 005 | 20190320203037.0 | ||
| 008 | 940324s1994----nyua---##b---#001-0#eng-# | ||
| 020 | _a1558598219 (v. 1) | ||
| 040 |
_aDLC _cDLC _dDLC |
||
| 041 |
_aeng _hfre |
||
| 050 | 4 |
_aNK925 _b.A77 1994 |
|
| 245 | 1 | 0 |
_aThe history of decorative arts _bThe renaissance and mannerism in Europe _cedited by Alain Gruber. |
| 260 |
_aNueva York _bAbbeville _c1994 |
||
| 300 |
_a495 p. _bil. a color _c32 cm. |
||
| 500 | _aIncluye glosario e índice alfabético | ||
| 504 | _aBibliografía: p. 482-486 | ||
| 650 | 1 | 4 |
_aArtes decorativas _vCatálogos _xRenacimiento _zEuropa _91772 |
| 650 | 1 | 4 |
_aDecoración y ornamentación _xCatálogos _zEuropa _91773 |
| 650 | 1 | 4 |
_aGrabados europeos _xRenacimiento _91774 |
| 700 | 1 |
_aGruber, Alain Charles _91775 |
|
| 942 |
_2lcc _cB |
||
| 999 |
_c448 _d448 |
||